| 000 | 00785nam a2200205 a 4500 | ||
|---|---|---|---|
| 001 | 000045446 | ||
| 005 | 20240316073905.0 | ||
| 008 | 150325s2003 dr a 000 0 spa d | ||
| 040 |
_aDO-SdBNP _bspa _cBNPHU |
||
| 082 |
_axxxx _bxxxx |
||
| 245 | 0 | 0 |
_aCarnaval y sociedad / _cMarcio Veloz Maggiolo ... [et al.]. ; prólogo José G. Guerrero. |
| 260 |
_aSanto Domingo : _bComisión Nacional de Carnaval, _c2003. |
||
| 300 |
_a79 p. : _bil. ; _c21 cm. |
||
| 500 | _aLa biblioteca posee 1 ejemplar autografiado por el autor | ||
| 700 | 1 | 2 |
_aVeloz Maggiolo, Marcio, _d1936-2021 _91104 |
| 700 | 1 | 2 |
_aDeive, Carlos Esteban, _d1935-2019 _91916 |
| 700 | 1 | 2 |
_aLizardo, Fradique, _d1930-1997 _962027 |
| 700 | 1 | 2 |
_aTejeda Ortíz, Dagoberto, _d1940- _91575 |
| 700 | 1 | 2 |
_aGuerrero, José G., _epról. _918729 |
| 999 |
_c44935 _d44935 |
||